| 000 | 00657nam a2200229 a 4500 | ||
|---|---|---|---|
| 001 | 12803 | ||
| 003 | BD-JhCC | ||
| 005 | 20230514092151.0 | ||
| 008 | 230514b2015 ii |||| ||a| 001 0 eng d | ||
| 020 | _a9781633690202 | ||
| 035 | _a(BD-JhCC)12803 | ||
| 040 |
_aBD-JhCC _dBD-JhCC |
||
| 041 | _aEnglish | ||
| 082 |
_a 152.4 _bHAR 2015 |
||
| 245 |
_aHBR's 10 Must Reads : _bOn Emotional Intelligence / _c Harvard University. |
||
| 260 |
_aIndia : _bHaryard Busjeness Review ; _c2015. |
||
| 300 |
_a166 p. : _c22 cm. |
||
| 650 |
_aWork--Psychological aspects. _zEmotional intelligence. |
||
| 700 | _aUniversity, Harvard | ||
| 942 |
_2ddc _cBK |
||
| 999 |
_c12803 _d12803 |
||